Spon's architects' and builders' price book (Record no. 109062)

MARC details
000 -LEADER
fixed length control field 01568cam a22003015a 4500
001 - CONTROL NUMBER
control field L146146
008 - FIXED-LENGTH DATA ELEMENTS--GENERAL INFORMATION
fixed length control field 081211s2009 xxk f 001 0 eng d
020 ## - INTERNATIONAL STANDARD BOOK NUMBER
International Standard Book Number 9780415465557
022 1# - INTERNATIONAL STANDARD SERIAL NUMBER
International Standard Serial Number 0306-3046
035 ## - SYSTEM CONTROL NUMBER
System control number (Sirsi) u146146
041 0# - LANGUAGE CODE
Language code of text/sound track or separate title eng
050 04 - LIBRARY OF CONGRESS CALL NUMBER
Classification number 692.5 $2 18
110 2# - MAIN ENTRY--CORPORATE NAME
Corporate name or jurisdiction name as entry element Davis Langdon
9 (RLIN) 4649
245 00 - TITLE STATEMENT
Title Spon's architects' and builders' price book
Remainder of title 2009
250 ## - EDITION STATEMENT
Edition statement 134th ed.
260 ## - PUBLICATION, DISTRIBUTION, ETC.
Place of publication, distribution, etc. Abingdon
Name of publisher, distributor, etc. Taylor and Francis
Date of publication, distribution, etc. 2009
300 ## - PHYSICAL DESCRIPTION
Extent xxix, 990p.
Dimensions 26cm.
350 ## - PRICE (NR) (BK AM CF MU VM SE) [OBSOLETE]
Price 145
505 2# - FORMATTED CONTENTS NOTE
Formatted contents note General -- Approximate estimating -- Prices for measured works: major works -- Prices for measured works: minor works -- Fees for professional services -- Rates of wages -- Daywork and prime cost -- Tables and memoranda
520 ## - SUMMARY, ETC.
Summary, etc. The latest edition of this detailed, professionally relevant source of construction price information. The price level of the 2009 edition has been indexed at 580, a 5.4% increase over the index of 550 in the 2008 edition. Revised labour rates have been taken into account. Material prices are generally applicable as at April-May 2008. Key changes include an expanded section on sustainability and an updated section on preliminaries for the JCT 2005 Standard Building Contract. Includes guidance on: construction specialisms; legislation; taxes; building cost and tender price index.
520 ## - SUMMARY, ETC.
Summary, etc. Supersedes the 133rd edition (ISBN 9780415424486).
521 ## - TARGET AUDIENCE NOTE
Target audience note Advanced
590 ## - LOCAL NOTE (RLIN)
Local note KA
651 #4 - SUBJECT ADDED ENTRY--GEOGRAPHIC NAME
Geographic name United Kingdom
Chronological subdivision
690 ## - LOCAL SUBJECT ADDED ENTRY--TOPICAL TERM (OCLC, RLIN)
Topical term or geographic name as entry element BUILT ENVIRONMENT-BUILDING COSTS
942 ## - ADDED ENTRY ELEMENTS (KOHA)
Suppress in OPAC 0
Holdings
Withdrawn status Lost status Source of classification or shelving scheme Damaged status Not for loan Home library Current library Shelving location Date acquired Cost, normal purchase price Total Checkouts Full call number Barcode Date last seen Copy number Cost, replacement price Price effective from Koha item type Date last checked out
    Dewey Decimal Classification     London London Books 21/01/2009 145.00   692.5 DAV 30076459 06/08/2019 1 145.00 06/08/2019 Reference material  
    Dewey Decimal Classification     London London Books 21/01/2009 145.00 4 692.5 DAV 30076460 06/08/2019 2 145.00 06/08/2019 Book 23/07/2009